000 00919nam a2200217Ia 4500
005 20251215152030.0
008 250219s9999||||xx |||||||||||||| ||und||
100 _aحزحازي، كمال
245 0 _aتصور تدريس مادة التربية البددنية و الرياضية في ظل إصلاح المنضومة التربوية في الجزائر
260 _aالجزائر
_c2016
300 _a204 و.
_c30 سم.
502 _aدكتوراه
502 _cمعهد التربية البدنية و الرياضية، جامعة الجزائر 3
653 _aتدريس
653 _aمنضومة التربية
653 _aنضرية و منهجية
700 _aرواب, عمار
710 _aمعهد التربية البدنية و الرياضية، جامعة الجزائر 3
856 _uhttps://dspace.univ-alger3.dz/jspui/handle/123456789/9367
942 _cأطروحات
999 _c14464
_d14464